Typographics 1 : the art of typography from digital to dyeline

Bibliographic Details
Main Author: Walton, Roger (Author)
Format: Book
Published: New York : Hearst Books International , c1995
Subjects:

MARC

LEADER 00000cam a2200000 7i4500
001 0000033660
005 20021119093000.0
008 021119n
020 |a 0688150667 
090 0 0 |a Z244   |b .T96 1995 
245 0 0 |a Typographics 1 :   |b the art of typography from digital to dyeline   |c general editor Roger Walton 
260 2 |a New York :   |b Hearst Books International ,   |c c1995 
300 |a 224 p. ; ;   |c 28 cm. 
504 |a Includes index 
650 0 |a Printing, Practical   |x Style manuals 
700 0 |a Walton, Roger ,   |e author 
999 |a 1000067617   |b Book   |c Close Access   |e Tembila Campus